Alien in the classroom / (Record no. 604)

MARC details
000 -LEADER
fixed length control field 01101cam a22003133a 4500
005 - DATE AND TIME OF LATEST TRANSACTION
control field 20230626091022.0
020 ## - INTERNATIONAL STANDARD BOOK NUMBER
International Standard Book Number 0671008188 :
Terms of availability $3.99 ($4.99 Can.)
040 ## - CATALOGING SOURCE
Original cataloging agency ZAB
Transcribing agency ZAB
Modifying agency JED
-- IKG
-- SLC
-- OCL
-- OCLCQ
-- DLC
-- FISKH
Language of cataloging eng
050 00 - LIBRARY OF CONGRESS CALL NUMBER
Classification number CPB Box no. 1406 vol. 13
100 1# - MAIN ENTRY--PERSONAL NAME
Personal name Keene, Carolyn.
245 10 - TITLE STATEMENT
Title Alien in the classroom /
Statement of responsibility, etc. Carolyn Keene ; illustrated by Anthony Accardo.
260 ## - PUBLICATION, DISTRIBUTION, ETC.
Place of publication, distribution, etc. New York :
Name of publisher, distributor, etc. Simon & Schuster,
Date of publication, distribution, etc. 1998.
300 ## - PHYSICAL DESCRIPTION
Extent 72 pages :
Other physical details illustrations ;
Dimensions 19 cm.
490 1# - SERIES STATEMENT
Series statement Nancy Drew notebooks ;
Volume/sequential designation #23
500 ## - GENERAL NOTE
General note "A Minstrel book."
505 ## - FORMATTED CONTENTS NOTE
Formatted contents note H
520 ## - SUMMARY, ETC.
Summary, etc. Nancy and her friends try to prove their teacher, Ms. Zagon, is not an alien from outerspace.
521 0# - TARGET AUDIENCE NOTE
Target audience note 510 <br/>
Source Lexile
521 1# - TARGET AUDIENCE NOTE
Target audience note H <br/>
Source Raz-Plus
650 #0 - SUBJECT ADDED ENTRY--TOPICAL TERM
Topical term or geographic name entry element Teachers
Form subdivision Juvenile fiction.
650 #0 - SUBJECT ADDED ENTRY--TOPICAL TERM
Topical term or geographic name entry element Detective and mystery stories.
650 #0 - SUBJECT ADDED ENTRY--TOPICAL TERM
Topical term or geographic name entry element Teachers
Form subdivision Fiction.
655 #7 - INDEX TERM--GENRE/FORM
Genre/form data or focus term Mystery fiction.
Source of term gsafd
700 1# - ADDED ENTRY--PERSONAL NAME
Personal name Accardo, Anthony,
Relator term illustrator
906 ## - LOCAL DATA ELEMENT F, LDF (RLIN)
a 7
b cbc
c copycat
d 2
e ncip
f 19
g y-genrareb
942 ## - ADDED ENTRY ELEMENTS (KOHA)
Source of classification or shelving scheme Dewey Decimal Classification
Koha item type Books
Suppress in OPAC No
999 ## -
-- 604
-- 604
Holdings
Withdrawn status Lost status Source of classification or shelving scheme Damaged status Not for loan Collection Home library Current library Shelving location Date acquired Total Checkouts Full call number Barcode Date last seen Price effective from Koha item type
    Dewey Decimal Classification     Juvenile Fiction Footprints International School Library Network Toul Kork Campus Footprints International School Library Network Toul Kork Campus TK Primary Library Room(4th Floor), Bookcase 3&4, Shelves 17-32, Yellow Books 06/26/2023   KEE Fic PZ7 FISTK00333 06/26/2023 06/26/2023 Books